| 000 | 00546nam a22001577a 4500 | ||
|---|---|---|---|
| 003 | NUST | ||
| 082 | _a200 | ||
| 100 |
_aAfraz, Sher _996747 |
||
| 245 |
_aElectroabsorption Modulator Based Relay for Transmission of DPSK Modulated Signals Over Free Space Optical Link/ _cSher Afraz |
||
| 264 |
_aIslamabad : _bSEECS, NUST, _c2022. |
||
| 300 | _a38 p. ; | ||
| 650 |
_aMS-Electrical Engineering _923567 |
||
| 700 |
_aSupervisor: Dr. Salman Abdul Ghafoor _996748 |
||
| 856 | _uhttp://10.250.8.41:8080/xmlui/handle/123456789/28531 | ||
| 942 |
_2ddc _cSC |
||
| 999 |
_c590854 _d590854 |
||